Handbook of green chemistry and technology / (Record no. 342284)

000 -LEADER
fixed length control field 01182cam a22002774a 4500
001 - CONTROL NUMBER
control field 12440694
003 - CONTROL NUMBER IDENTIFIER
control field NUST
005 - DATE AND TIME OF LATEST TRANSACTION
control field 20171215113158.0
008 - FIXED-LENGTH DATA ELEMENTS--GENERAL INFORMATION
fixed length control field 010613s2002 enka bf 001 0 eng
010 ## - LIBRARY OF CONGRESS CONTROL NUMBER
LC control number 2001037619
020 ## - INTERNATIONAL STANDARD BOOK NUMBER
International Standard Book Number 0632057157 (alk. paper)
040 ## - CATALOGING SOURCE
Original cataloging agency DLC
Transcribing agency DLC
Modifying agency DLC
042 ## - AUTHENTICATION CODE
Authentication code pcc
050 00 - LIBRARY OF CONGRESS CALL NUMBER
Classification number TP155.2.E58 H36 2002
082 00 - DEWEY DECIMAL CLASSIFICATION NUMBER
Classification number 660 CLA
Edition number 21
245 00 - TITLE STATEMENT
Title Handbook of green chemistry and technology /
Statement of responsibility, etc. Edited by James Clark and Duncan Macquarrie.
246 3# - VARYING FORM OF TITLE
Title proper/short title Green chemistry and technology
260 ## - PUBLICATION, DISTRIBUTION, ETC.
Place of publication, distribution, etc. Oxford [England] ;
-- Malden, MA :
Name of publisher, distributor, etc. Blackwell Science,
Date of publication, distribution, etc. 2002.
300 ## - PHYSICAL DESCRIPTION
Extent xx, 540 p. :
Other physical details ill. ;
Dimensions 26 cm.
500 ## - GENERAL NOTE
General note H.B
504 ## - BIBLIOGRAPHY, ETC. NOTE
Bibliography, etc. note Includes bibliographical references and index.
650 #0 - SUBJECT ADDED ENTRY--TOPICAL TERM
Topical term or geographic name entry element Green chemistry.
9 (RLIN) 747
650 #0 - SUBJECT ADDED ENTRY--TOPICAL TERM
Topical term or geographic name entry element Environmental management.
9 (RLIN) 6432
700 1# - ADDED ENTRY--PERSONAL NAME
Personal name Clark, James H.
9 (RLIN) 7344
700 1# - ADDED ENTRY--PERSONAL NAME
Personal name Macquarrie, Duncan J.
9 (RLIN) 7345
906 ## - LOCAL DATA ELEMENT F, LDF (RLIN)
a 7
b cbc
c orignew
d 1
e ocip
f 20
g y-gencatlg
942 ## - ADDED ENTRY ELEMENTS (KOHA)
Source of classification or shelving scheme
Koha item type Book
Call number prefix IESE
Holdings
Withdrawn status Lost status Source of classification or shelving scheme Damaged status Not for loan Collection code Permanent Location Current Location Shelving location Date acquired Total Checkouts Full call number Barcode Date last seen Price effective from Koha item type
            Institute of Environmental Science and Engineering (IESE) Institute of Environmental Science and Engineering (IESE) General Stacks 12/15/2017   660 CLA IESE-998 12/15/2017 12/15/2017 Book
© 2023 Central Library, National University of Sciences and Technology. All Rights Reserved.